| 000 | 00580nam a2200181Ia 4500 | ||
|---|---|---|---|
| 008 | 100122s9999 xx 000 0 und d | ||
| 082 |
_b34855 _a792.028 |
||
| 100 | _aजागीरदार गजानन | ||
| 245 | _aअभिनय कसा करावा ( RC ) | ||
| 250 | _a1 | ||
| 260 |
_bइंडिया बुक कं _c1983 |
||
| 300 | _a188 | ||
| 520 | _aRC = Replaced copy | ||
| 620 | _aRC = Replaced copy | ||
| 630 | _aअभिनय कसा करावा ( RC ) | ||
| 730 | _aअभिनय कसा करावा ( RC ) | ||
| 942 | _cBOOK | ||
| 999 |
_c418311 _d418308 |
||